000 00841nam a22002417a 4500
999 _c15204
_d15204
003 AR-CdUCM
008 190426b ||||| |||| 00| 0 spa d
020 _a978-607-404-215-3
040 _aMUNICIPALIDAD PROVINCIAL DEL CUSCO
_cBIBLIOTECA MUNICIPAL DEL CUSCO
082 _aPI / 900 /
_bD82
110 _aDisney
_933330
245 _aToy story /
260 _aMexico :
_bAdvanced marketing,
_c2016.
300 _a43 paginas ;
_bIlustraciones,
_c25 cm.
500 _aTitulo original : Toy story
505 _aContenido : Toy story -- El rey león -- Mickey mouse -- La cenicienta -- Peter pan...
650 _aCuentos para niños (as)
_933191
650 _aToy story
_934236
650 _aHistorias divertidas
_934225
700 _aRivas Nava, Maeco Aurelio ( Traducción)
_934237
942 _2ddc
_cLIBROS
945 _awnts
_d2019-04-26